[Event "Tournament 14475 - Europe Echecs"]
[Site "Europe Echecs"]
[Date "2020.07.12"]
[Round "6"]
[Time "16:38:39"]
[PlyCount "50"]
[White "DenningerGuilh"]
[Black "SalvadorLucie"]
[WhiteElo "2065"]
[BlackElo "1979"]
[Mode "WEB"]
[Result "1-0"]

1. c4 e5 2. Nc3 Nf6 3. Nf3 Nc6 4. e4 Bc5 5. Nxe5 Nxe5 6. d4 Bxd4 7. Qxd4 Nc6 8.
Qd1 O-O 9. Be2 Re8 10. f3 d6 11. O-O Be6 12. Be3 Nd7 13. Qd2 Nde5 14. b3 a5 15.
h3 Ng6 16. f4 Bd7 17. f5 Nge5 18. f6 gxf6 19. Nd5 Re6 20. Rf2 Nb4 21. Raf1 Nxd5
22. exd5 Re8 23. Rxf6 a4 24. Bh5 Qe7 25. Bg5 {SalvadorLucie a abandonné} 1-0

[Event "Tournament 14475 - Europe Echecs"]
[Site "Europe Echecs"]
[Date "2020.07.12"]
[Round "6"]
[Time "16:38:39"]
[PlyCount "64"]
[White "BaudouinSimon"]
[Black "DecurningeBric"]
[WhiteElo "1926"]
[BlackElo "1582"]
[Mode "WEB"]
[Result "1-0"]

1. d4 Nf6 2. c4 g6 3. Nc3 d5 4. cxd5 Nxd5 5. e4 Nxc3 6. bxc3 Bg7 7. Bc4 c5 8.
Ne2 Nc6 9. Be3 cxd4 10. cxd4 Qa5+ 11. Bd2 Qd8 12. Bc3 O-O 13. O-O e5 14. d5 Na5
15. Bd3 Bd7 16. Rb1 Rb8 17. Qd2 b6 18. Bb4 Nb7 19. Bxf8 Bxf8 20. f4 Bh6 21. Qc3
exf4 22. Nxf4 Nc5 23. Bc2 Rc8 24. Qd4 Qg5 25. e5 Nb7 26. Bb3 Bf5 27. Rbe1 Nc5
28. e6 Nxb3 29. axb3 Rc2 30. e7 Qh4 31. e8=Q+ Bf8 32. Qh8+ {DecurningeBric a abandonné} 1-0

[Event "Tournament 14475 - Europe Echecs"]
[Site "Europe Echecs"]
[Date "2020.07.12"]
[Round "6"]
[Time "16:38:39"]
[PlyCount "122"]
[White "LecciaThomas"]
[Black "MorataJules"]
[WhiteElo "1893"]
[BlackElo "1568"]
[Mode "WEB"]
[Result "1-0"]

1. e4 d5 2. exd5 Qxd5 3. Nc3 Qa5 4. d4 Nf6 5. Bd2 c6 6. Bc4 Bg4 7. f3 Bh5 8.
Nge2 e6 9. Nf4 Bg6 10. Qe2 Qd8 11. d5 cxd5 12. Ncxd5 Bd6 13. Nxg6 hxg6 14. Nxf6+
gxf6 15. O-O-O Qc7 16. Bc3 Bf4+ 17. Kb1 e5 18. g3 Bh6 19. f4 Nd7 20. fxe5 Nxe5
21. Bb5+ Kf8 22. Rdf1 Kg7 23. g4 a6 24. Ba4 b5 25. Bb3 Rae8 26. h4 Bf4 27. Rxf4
Nd7 28. Qf2 Qc6 29. Rf1 g5 30. hxg5 Rh1 31. gxf6+ Kg6 32. Qd2 Nc5 33. g5 Reh8
34. a3 R8h2 35. Qd4 Nxb3 36. cxb3 b4 37. Qd3+ Kh5 38. Bxb4 Rxf1+ 39. Rxf1 Rh1
40. Ka2 Rxf1 41. Qxf1 Qd5 42. Be7 Qxg5 43. Qe2+ Kg6 44. Qxa6 Qd5 45. Qc4 Qf5 46.
a4 Kh7 47. Ka3 Kg8 48. b4 Qf3+ 49. Qb3 Qb7 50. a5 Qb5 51. Qa4 Qd3+ 52. b3 Qd4
53. Qe8+ Kh7 54. Qxf7+ Kh6 55. Qg7+ Kh5 56. Qh7+ Kg4 57. Qb1 Kh5 58. f7 Kg4 59.
f8=Q Qe3 60. Qg7+ Kh3 61. Qh1# {MorataJules est échec et mat} 1-0

[Event "Tournament 14475 - Europe Echecs"]
[Site "Europe Echecs"]
[Date "2020.07.12"]
[Round "6"]
[Time "16:38:39"]
[PlyCount "146"]
[White "TritonMaxime"]
[Black "ChevillonCelia"]
[WhiteElo "1843"]
[BlackElo "1433"]
[Mode "WEB"]
[Result "1-0"]

1. e4 e5 2. Nf3 Nc6 3. d4 exd4 4. Nxd4 Qf6 5. Nf3 Bc5 6. Nc3 d6 7. Nd5 Qd8 8.
Bc4 Nge7 9. Bg5 h6 10. Be3 Bxe3 11. Nxe3 Ng6 12. Qd2 Nge5 13. Nxe5 Nxe5 14. Bb3
Qe7 15. Nd5 Qd8 16. O-O-O Be6 17. f4 Nc6 18. f5 Bxd5 19. exd5 Ne5 20. Ba4+ Kf8
21. h4 a6 22. Rdf1 b5 23. Bb3 a5 24. c3 Qf6 25. Qd4 b4 26. cxb4 axb4 27. Kb1 Rb8
28. g4 Nxg4 29. Qxg4 Rc8 30. Qxb4 Kg8 31. Qe4 Kh7 32. Bc2 Rb8 33. Bb3 Rhe8 34.
Qc4 Rb7 35. Re1 Reb8 36. Qc3 Qd8 37. f6 Qxf6 38. Qxf6 gxf6 39. Ref1 Rg8 40. Rxf6
Rg7 41. Rhf1 Rb4 42. Rxf7 Rxh4 43. Rxg7+ Kxg7 44. a4 Rb4 45. Kc2 h5 46. Kc3 Rb8
47. a5 h4 48. Bc4 h3 49. Rh1 Ra8 50. a6 Rh8 51. Bb5 Kf6 52. Bc6 Ke5 53. a7 Kf4
54. a8=Q Rxa8 55. Bxa8 Ke5 56. Kc4 Ke4 57. Kb5 Kf3 58. Kc6 Kg2 59. Rxh3 Kxh3 60.
Kxc7 Kg4 61. b4 Kf5 62. b5 Ke5 63. b6 Kd4 64. b7 Kxd5 65. b8=Q+ Ke5 66. Qb5+ Ke6
67. Qd5+ Kf6 68. Kxd6 Kg6 69. Ke6 Kg7 70. Qg5+ Kf8 71. Qe7+ Kg8 72. Kf6 Kh8 73.
Qg7# {ChevillonCelia est échec et mat} 1-0

[Event "Tournament 14475 - Europe Echecs"]
[Site "Europe Echecs"]
[Date "2020.07.12"]
[Round "6"]
[Time "16:38:39"]
[PlyCount "77"]
[White "GavilaQuentin"]
[Black "LarmetNino"]
[WhiteElo "1199"]
[BlackElo "1818"]
[Mode "WEB"]
[Result "0-1"]

1. e4 e5 2. Nf3 Nc6 3. d4 exd4 4. Nxd4 Nf6 5. Nc3 Bb4 6. Nxc6 bxc6 7. Bd3 d5 8.
exd5 cxd5 9. O-O O-O 10. Bg5 c6 11. Qf3 Be7 12. Ne2 h6 13. Be3 Bd6 14. h3 Rb8
15. b3 c5 16. c4 d4 17. Bf4 Bb7 18. Qg3 Nh5 19. Qg4 Nxf4 20. Nxf4 Qg5 21. Qxg5
hxg5 22. Nd5 Rfe8 23. Rfe1 Rbd8 24. Bf5 Kf8 25. Re4 g6 26. Rxe8+ Rxe8 27. Bd3
Re5 28. Nf6 Kg7 29. Ng4 Re7 30. Nh2 f5 31. Nf1 Kf6 32. Rd1 Bf4 33. g3 Bc7 34.
Nd2 Ba5 35. Kf1 Rh7 36. Nb1 Rxh3 37. Na3 Bf3 38. Nb5 Rh1# {GavilaQuentin est échec et mat} 0-1

[Event "Tournament 14475 - Europe Echecs"]
[Site "Europe Echecs"]
[Date "2020.07.12"]
[Round "6"]
[Time "16:38:39"]
[PlyCount "58"]
[White "SylvestreBaron"]
[Black "BachyLouis"]
[WhiteElo "1728"]
[BlackElo "1264"]
[Mode "WEB"]
[Result "1-0"]

1. c4 Nf6 2. Nc3 g6 3. d4 c5 4. d5 e6 5. e4 exd5 6. cxd5 d6 7. Bg5 Bg7 8. f4 Qc7
9. e5 dxe5 10. d6 Qd7 11. fxe5 Ng4 12. Nd5 O-O 13. Nf3 Nxe5 14. Nxe5 Bxe5 15.
Bf6 Qxd6 16. Ne7+ Qxe7 17. Bxe7 Re8 18. Bb5 Nd7 19. Bxd7 Rxe7 20. Bxc8 Bxb2+ 21.
Kf2 Rxc8 22. Re1 Rxe1 23. Qxe1 Bxa1 24. Qxa1 b5 25. Qd1 Rc6 26. Qd7 Rf6+ 27. Ke3
a6 28. Qc8+ Kg7 29. Qxc5 {BachyLouis a abandonné} 1-0

[Event "Tournament 14475 - Europe Echecs"]
[Site "Europe Echecs"]
[Date "2020.07.12"]
[Round "6"]
[Time "16:38:39"]
[PlyCount "147"]
[White "ChevillonManon"]
[Black "GreuthierAlois"]
[WhiteElo "1356"]
[BlackElo "1601"]
[Mode "WEB"]
[Result "0-1"]

1. e4 c5 2. Nf3 Nc6 3. d4 cxd4 4. Nxd4 Nf6 5. Nc3 e5 6. Nf3 Bb4 7. Bd3 Bxc3+ 8.
bxc3 O-O 9. Be3 d6 10. Qd2 Be6 11. h3 d5 12. exd5 Nxd5 13. Bh6 Qf6 14. Bg5 e4
15. Bxf6 exd3 16. Bd4 Rfe8 17. O-O Bf5 18. cxd3 h6 19. Rfe1 Red8 20. Be3 Nf6 21.
d4 Ne4 22. Qc1 Rac8 23. Nh4 Bh7 24. f3 Nd6 25. g3 Ne7 26. Bd2 Nd5 27. c4 Rxc4
28. Qb2 Rc2 29. Qxc2 Bxc2 30. Ng2 Nb5 31. Rac1 Bd3 32. Be3 Nbc3 33. Kf2 Nxa2 34.
Rcd1 Bc2 35. Rd2 Bb3 36. Nf4 a5 37. Rb1 a4 38. Ra1 Nab4 39. Nxd5 Nxd5 40. Rb2 b5
41. Rab1 Re8 42. Bd2 Rc8 43. Rxb3 axb3 44. Rxb3 Rc2 45. Ke1 Rc4 46. Rxb5 Rxd4
47. Rb8+ Kh7 48. Rd8 Kg6 49. f4 Kf6 50. Rg8 Rd3 51. Rd8 Ke7 52. Ra8 Rxg3 53. h4
Rg4 54. Rg8 g6 55. h5 gxh5 56. Rh8 Nxf4 57. Rxh6 h4 58. Kf2 Nd3+ 59. Kf3 Rg3+
60. Ke2 h3 61. Rh4 Nc5 62. Kf2 Rd3 63. Ke2 Rb3 64. Bg5+ Ke6 65. Bd2 f5 66. Ke1
Ne4 67. Ke2 Rb2 68. Ke1 Rxd2 69. Rxh3 Ra2 70. Re3 Kd5 71. Kd1 Kd4 72. Re2 Kd3
73. Rxe4 Ra1# {ChevillonManon est échec et mat} 0-1

[Event "Tournament 14475 - Europe Echecs"]
[Site "Europe Echecs"]
[Date "2020.07.12"]
[Round "6"]
[Time "16:38:39"]
[PlyCount "112"]
[White "BregnacTristan"]
[Black "FavierSagnesJu"]
[WhiteElo "2047"]
[BlackElo "1178"]
[Mode "WEB"]
[Result "1-0"]

1. e4 e6 2. d4 d5 3. Nc3 c5 4. exd5 exd5 5. Nf3 cxd4 6. Qxd4 Nc6 7. Qxd5 Nf6 8.
Qxd8+ Nxd8 9. Nb5 Ne6 10. Bc4 Bd7 11. O-O O-O-O 12. Nxa7+ Kb8 13. Nb5 Bxb5 14.
Bxb5 Rc8 15. Ne5 Rc7 16. Bd3 Bd6 17. Nc4 Bc5 18. Be3 Bxe3 19. Nxe3 Rd8 20. a4 h5
21. a5 g6 22. a6 bxa6 23. Rxa6 Nc5 24. Rxf6 Nxd3 25. cxd3 Rxd3 26. h4 Re7 27.
Nc4 Rd4 28. b3 Rxh4 29. Rd1 Rc7 30. Rd8+ Kb7 31. Nd6+ Kb6 32. Nf5+ Ka5 33. Nxh4
Kb4 34. Rb6+ Kc3 35. Rdd6 Kb2 36. Nf3 h4 37. b4 h3 38. gxh3 g5 39. Nxg5 Rc1+ 40.
Kg2 Rc4 41. Rd2+ Kb3 42. Nf3 f6 43. Rd3+ Ka4 44. Nd4 Rxd4 45. Rxd4 f5 46. Ra6+
Kb3 47. b5 f4 48. Rd8 f3+ 49. Kxf3 Kb4 50. b6 Kb5 51. Rda8 Kc5 52. b7 Kd5 53.
b8=Q Kd4 54. Rd6+ Kc4 55. Qc7+ Kb4 56. Rb6# {FavierSagnesJu est échec et mat} 1-0

[Event "Tournament 14475 - Europe Echecs"]
[Site "Europe Echecs"]
[Date "2020.07.12"]
[Round "6"]
[Time "16:38:39"]
[PlyCount "82"]
[White "BOUMRARAyrad"]
[Black "CiarlettaIris"]
[WhiteElo "1431"]
[BlackElo "1493"]
[Mode "WEB"]
[Result "1-0"]

1. d4 Nf6 2. c4 c5 3. d5 b5 4. cxb5 a6 5. b6 g6 6. Nc3 Bg7 7. e4 d6 8. Nf3 O-O
9. Be2 Nbd7 10. O-O Nxb6 11. a4 Bg4 12. a5 Nbd7 13. h3 Bxf3 14. Bxf3 Ne5 15. Be2
Qc7 16. f4 Ned7 17. Bf3 Rfb8 18. Re1 Ne8 19. e5 Ra7 20. e6 fxe6 21. dxe6 Ndf6
22. g4 h6 23. g5 hxg5 24. fxg5 Nh7 25. Nd5 Qd8 26. Be4 Nc7 27. Nxc7 Qxc7 28.
Bxg6 Bd4+ 29. Kh1 Rf8 30. Qh5 Rf1+ 31. Rxf1 Qb7+ 32. Qf3 Qxf3+ 33. Rxf3 Rb7 34.
h4 Bxb2 35. Rb1 Rb4 36. Rxb2 Rxh4+ 37. Rh2 Rxh2+ 38. Kxh2 Nxg5 39. Bxg5 c4 40.
Bh6 c3 41. Rf8# {CiarlettaIris est échec et mat} 1-0

[Event "Tournament 14475 - Europe Echecs"]
[Site "Europe Echecs"]
[Date "2020.07.12"]
[Round "6"]
[Time "16:38:39"]
[PlyCount "163"]
[White "HeilerLucas"]
[Black "SepahpourSherv"]
[WhiteElo "1463"]
[BlackElo "1398"]
[Mode "WEB"]
[Result "0-1"]

1. d4 Nf6 2. Bf4 d6 3. e3 g6 4. Nf3 Bg7 5. c3 O-O 6. Be2 Nbd7 7. Nbd2 c5 8. dxc5
Nxc5 9. Nb3 Nxb3 10. Qxb3 b6 11. O-O Be6 12. Bc4 d5 13. Be2 d4 14. Qc2 Bf5 15.
Bd3 Bxd3 16. Qxd3 dxc3 17. Qxc3 Rc8 18. Qa3 Nh5 19. Rfd1 Qe8 20. Be5 Bxe5 21.
Nxe5 Qb5 22. Nf3 Rc7 23. Nd4 Qc5 24. Qxc5 bxc5 25. Rac1 Rfc8 26. Nb3 Nf6 27. Rc4
Rd7 28. Rxd7 Nxd7 29. Nd2 Ne5 30. Re4 Nc6 31. Nb3 Rd8 32. g3 f5 33. Re6 Rd6 34.
Nxc5 Rxe6 35. Nxe6 Kf7 36. Nc5 e5 37. Kf1 Ke7 38. Ke2 Kd6 39. Nd3 e4 40. Nf4 g5
41. Nh5 Nb4 42. a3 Nd3 43. b4 Nb2 44. Ng7 Ke5 45. Ne8 Nc4 46. a4 Kd5 47. Nc7+
Kc6 48. Ne6 h6 49. Nd4+ Kd5 50. Nxf5 h5 51. Ng7 h4 52. Nf5 h3 53. Nd4 Ne5 54. f3
Nd3 55. b5 exf3+ 56. Kxf3 Ne5+ 57. Kf2 Ng4+ 58. Kg1 Nxe3 59. Nf3 g4 60. Nd2 Nc4
61. Nb3 Ne3 62. Kf2 Nd1+ 63. Ke2 Nc3+ 64. Ke3 Ke5 65. Nc5 Kd5 66. Kd3 Nd1 67.
Kd2 Kxc5 68. Kxd1 Kb4 69. Kc2 Kxa4 70. Kd3 Kxb5 71. Ke4 a5 72. Kf4 a4 73. Kxg4
a3 74. Kxh3 a2 75. g4 a1=Q 76. Kh4 Qg7 77. h3 Kc5 78. g5 Kd5 79. Kh5 Ke5 80. h4
Kf5 81. g6 Qxg6# {HeilerLucas est échec et mat} 0-1

[Event "Tournament 14475 - Europe Echecs"]
[Site "Europe Echecs"]
[Date "2020.07.12"]
[Round "6"]
[Time "16:38:39"]
[PlyCount "92"]
[White "StrichardHadri"]
[Black "DhenninTanguy"]
[WhiteElo "1199"]
[BlackElo "1160"]
[Mode "WEB"]
[Result "1-0"]

1. c4 d5 2. cxd5 Qxd5 3. Nc3 Qa5 4. g3 Nc6 5. Bg2 Bd7 6. e3 Nf6 7. Nge2 e6 8.
O-O Bc5 9. d4 Bb4 10. a3 Bd6 11. b4 Qb6 12. Re1 O-O 13. Nf4 Rad8 14. Na4 Qb5 15.
Nc3 Qf5 16. e4 Qg4 17. e5 Qxd1 18. Rxd1 Ng4 19. exd6 cxd6 20. d5 exd5 21. Ncxd5
a5 22. bxa5 Nxa5 23. Bb2 Bc6 24. Bc3 Nb3 25. Rab1 h6 26. Rxb3 Ba4 27. Rdb1 Bxb3
28. Rxb3 Rc8 29. Ne7+ Kh8 30. Nxc8 Rxc8 31. Bh3 f5 32. Ng6+ Kh7 33. Ne7 Re8 34.
Nxf5 Rf8 35. Bxg4 d5 36. Rxb7 Rg8 37. Rxg7+ Rxg7 38. Bxg7 h5 39. Bxh5 d4 40.
Bxd4 Kg8 41. Bg6 Kf8 42. a4 Kg8 43. a5 Kf8 44. a6 Kg8 45. a7 Kf8 46. a8=Q# {DhenninTanguy est échec et mat} 1-0

[Event "Tournament 14475 - Europe Echecs"]
[Site "Europe Echecs"]
[Date "2020.07.12"]
[Round "7"]
[Time "17:15:33"]
[PlyCount "107"]
[White "MateriaMarco"]
[Black "DroinAugustin"]
[WhiteElo "2269"]
[BlackElo "2313"]
[Mode "WEB"]
[Result "1/2-1/2"]

1. Nf3 d5 2. e3 Nf6 3. c4 e6 4. b3 c5 5. Bb2 Nc6 6. cxd5 exd5 7. Bb5 Bd7 8. O-O
Bd6 9. d4 cxd4 10. Nxd4 O-O 11. Nf3 a6 12. Be2 h6 13. Nc3 Be6 14. Rc1 Qe7 15.
Rc2 Rfd8 16. Rd2 Rac8 17. Qa1 Ne4 18. Nxe4 dxe4 19. Nd4 Nxd4 20. Bxd4 Qg5 21.
Rfd1 Bb4 22. Bc3 Bxc3 23. Rxd8+ Kh7 24. Qc1 Rxd8 25. Rxd8 Qxd8 26. Qxc3 Qd6 27.
h3 f5 28. Bc4 Bxc4 29. Qxc4 Qd1+ 30. Kh2 Qd2 31. Kg3 Qd6+ 32. f4 exf3+ 33. Kxf3
a5 34. Qb5 Kg6 35. Qxb7 Qd1+ 36. Kg3 Qe1+ 37. Kh2 Qxe3 38. Qa6+ Kg5 39. Qxa5
Qf4+ 40. Kg1 Qe3+ 41. Kf1 Qd3+ 42. Ke1 Qb1+ 43. Ke2 Qe4+ 44. Kd1 Qb1+ 45. Kd2
Qb2+ 46. Kd3 Qb1+ 47. Ke3 Qe4+ 48. Kf2 Qd4+ 49. Ke2 Qe4+ 50. Kf1 Qf4+ 51. Ke1
Qe4+ 52. Kd1 Qb1+ 53. Ke2 Qe4+ {Nulle par répétition} 1/2-1/2

[Event "Tournament 14475 - Europe Echecs"]
[Site "Europe Echecs"]
[Date "2020.07.12"]
[Round "7"]
[Time "17:15:33"]
[PlyCount "62"]
[White "EugeneFloryan"]
[Black "JolyJulien"]
[WhiteElo "2343"]
[BlackElo "2188"]
[Mode "WEB"]
[Result "1-0"]

1. d4 Nf6 2. Nf3 g6 3. e3 Bg7 4. Be2 O-O 5. O-O d6 6. b3 b6 7. Bb2 c5 8. c4 Bb7
9. Nc3 Ne4 10. Qc2 Nxc3 11. Bxc3 cxd4 12. exd4 d5 13. c5 Nd7 14. b4 a5 15. b5
Nf6 16. Ne5 Ne4 17. c6 Bc8 18. Bd3 Nd6 19. a4 Qc7 20. Rfe1 Be6 21. Re2 Rae8 22.
Rae1 Bc8 23. Bb2 Bh6 24. h4 Kg7 25. h5 f6 26. Bxg6 fxe5 27. dxe5 Ne4 28. e6+ Nf6
29. Bxh7 Kh8 30. Qg6 Bg7 31. h6 {JolyJulien a abandonné} 1-0

[Event "Tournament 14475 - Europe Echecs"]
[Site "Europe Echecs"]
[Date "2020.07.12"]
[Round "7"]
[Time "17:15:33"]
[PlyCount "84"]
[White "BressyTheo"]
[Black "RollotFlorence"]
[WhiteElo "2289"]
[BlackElo "1973"]
[Mode "WEB"]
[Result "1-0"]

1. e4 d5 2. exd5 Qxd5 3. Nc3 Qa5 4. Bc4 Nf6 5. d3 Bf5 6. Bd2 c6 7. Qe2 Qc7 8.
Nf3 e6 9. Ne5 Bd6 10. f4 Nbd7 11. g4 Bxe5 12. gxf5 Bxc3 13. bxc3 O-O-O 14. fxe6
fxe6 15. Bxe6 Rde8 16. O-O-O Qd6 17. Bxd7+ Nxd7 18. Qg4 g6 19. Rde1 Kb8 20. f5
Qa3+ 21. Kb1 gxf5 22. Qxf5 Nb6 23. Qf4+ Ka8 24. Qb4 Qa6 25. c4 Rhf8 26. Bh6 Rg8
27. Bf4 Na4 28. Bd2 Kb8 29. Rxe8+ Rxe8 30. Re1 Rg8 31. a3 Kc8 32. Ka2 c5 33. Qb1
Qc6 34. Re4 Rg2 35. Qe1 a6 36. Re8+ Kc7 37. Ba5+ b6 38. Qe5+ Qd6 39. Re7+ Kc8
40. Qxd6 Rxc2+ 41. Kb1 Rb2+ 42. Kc1 {RollotFlorence a perdu au temps} 1-0

[Event "Tournament 14475 - Europe Echecs"]
[Site "Europe Echecs"]
[Date "2020.07.12"]
[Round "7"]
[Time "17:15:33"]
[PlyCount "71"]
[White "BergougnouxAxe"]
[Black "TomasiElise"]
[WhiteElo "2191"]
[BlackElo "2030"]
[Mode "WEB"]
[Result "0-1"]

1. e4 c5 2. Nf3 Nc6 3. Bb5 g6 4. c3 Bg7 5. d4 a6 6. Ba4 b5 7. Bb3 c4 8. Bc2 d5
9. exd5 Qxd5 10. O-O Nf6 11. Bf4 O-O 12. Qe2 Bb7 13. Nbd2 Nh5 14. Bg3 Nxg3 15.
hxg3 Rfe8 16. b3 e5 17. bxc4 bxc4 18. Be4 Qd7 19. Nxc4 exd4 20. Nb6 Qe7 21. Nxa8
Bxa8 22. Rfe1 dxc3 23. Rac1 Nb4 24. Qc4 Bxe4 25. Ng5 Qxg5 26. Qxb4 Qd5 27. Rcd1
Qc6 28. Rc1 c2 29. Re3 Qd5 30. Qe1 Bb2 31. f3 Bxc1 32. Qxc1 Qd1+ 33. Re1 Qxc1
34. Rxc1 Bd3 35. a4 Rb8 {BergougnouxAxe a perdu au temps} 0-1

[Event "Tournament 14475 - Europe Echecs"]
[Site "Europe Echecs"]
[Date "2020.07.12"]
[Round "7"]
[Time "17:15:33"]
[PlyCount "112"]
[White "RaclotLeo"]
[Black "KuhnClement"]
[WhiteElo "2124"]
[BlackElo "2150"]
[Mode "WEB"]
[Result "1-0"]

1. e4 c5 2. Nc3 a6 3. g3 b5 4. a4 Bb7 5. Bg2 b4 6. Nd5 e6 7. Ne3 Ne7 8. d3 g6 9.
d4 d6 10. dxc5 dxc5 11. Qxd8+ Kxd8 12. Nc4 Nec6 13. Bg5+ Be7 14. Nd6 Bxg5 15.
Nxf7+ Ke7 16. Nxg5 Nd4 17. O-O-O h6 18. N5h3 g5 19. c3 Nb3+ 20. Kc2 Na5 21. f4
g4 22. Nf2 h5 23. Nd3 Nd7 24. cxb4 cxb4 25. Nxb4 Rhc8+ 26. Kb1 Nc5 27. Ne2 Bxe4+
28. Bxe4 Nxe4 29. Rd4 Nb3 30. Re1 Nxd4 31. Nxd4 Nc5 32. Nd5+ Kf7 33. Nb6 Nd3 34.
Rd1 Rcb8 35. Nxa8 Nxb2 36. Nc6 Nxd1+ 37. Nxb8 Ne3 38. Nxa6 Nf1 39. Nc5 Nxh2 40.
Ne4 Nf1 41. Nc7 Nxg3 42. Nxg3 h4 43. Ne2 g3 44. Nb5 g2 45. Nbd4 Kf6 46. Nf3 h3
47. Neg1 Kf5 48. Nxh3 Kg4 49. Nfg1 Kg3 50. a5 e5 51. fxe5 Kh2 52. a6 Kh1 53. a7
Kh2 54. a8=Q Kh1 55. Qf3 Kh2 56. Nf4 {KuhnClement a abandonné} 1-0

[Event "Tournament 14475 - Europe Echecs"]
[Site "Europe Echecs"]
[Date "2020.07.12"]
[Round "7"]
[Time "17:15:33"]
[PlyCount "94"]
[White "WeismanNathan"]
[Black "DesfontaineVin"]
[WhiteElo "2186"]
[BlackElo "1620"]
[Mode "WEB"]
[Result "1-0"]

1. e4 c5 2. Nf3 d6 3. Bb5+ Bd7 4. Bxd7+ Qxd7 5. O-O Nf6 6. e5 dxe5 7. Nxe5 Qc7
8. d4 cxd4 9. Bf4 Qd8 10. Qf3 Qd5 11. Nd2 e6 12. Nb3 Qxf3 13. Nxf3 Nc6 14. Nbxd4
Nxd4 15. Nxd4 Bc5 16. Rad1 Nd7 17. Nb5 Rc8 18. c3 e5 19. Rfe1 f6 20. Be3 Be7 21.
Nxa7 Ra8 22. a3 Nc5 23. Nb5 Kf7 24. Bxc5 Bxc5 25. Rd7+ Kg6 26. Rxb7 Rab8 27.
Rxb8 Rxb8 28. a4 Kf5 29. b4 Bf8 30. Ra1 Ke4 31. Rd1 g5 32. Kf1 h5 33. Ke2 g4 34.
Nd6+ Kf4 35. a5 e4 36. a6 Rb6 37. g3+ Kg5 38. Nxe4+ Kf5 39. a7 Ra6 40. Rd8 Rxa7
41. Rxf8 Kxe4 42. Rxf6 Rc7 43. Rf4+ Ke5 44. c4 Rb7 45. b5 Rb6 46. Kd3 Re6 47.
Re4+ {DesfontaineVin a abandonné} 1-0

[Event "Tournament 14475 - Europe Echecs"]
[Site "Europe Echecs"]
[Date "2020.07.12"]
[Round "7"]
[Time "17:15:33"]
[PlyCount "38"]
[White "SayaEthan"]
[Black "DelinValere"]
[WhiteElo "2199"]
[BlackElo "2043"]
[Mode "WEB"]
[Result "1-0"]

1. e4 c5 2. Nc3 g6 3. g3 Bg7 4. Bg2 e6 5. d3 Ne7 6. Be3 O-O 7. Nge2 d6 8. Qd2 a6
9. Bh6 Nbc6 10. h4 f5 11. h5 Rf6 12. hxg6 Rxg6 13. Bxg7 Rxg7 14. O-O-O Qf8 15.
Nf4 Ng6 16. Nh5 Rf7 17. Qg5 Qe7 18. Qh6 Qf8 19. Nf6+ {DelinValere a abandonné} 1-0

[Event "Tournament 14475 - Europe Echecs"]
[Site "Europe Echecs"]
[Date "2020.07.12"]
[Round "7"]
[Time "17:15:33"]
[PlyCount "90"]
[White "LemiereMaxence"]
[Black "DenningerGuilh"]
[WhiteElo "1618"]
[BlackElo "2065"]
[Mode "WEB"]
[Result "1-0"]

1. e4 c6 2. Nf3 d5 3. exd5 cxd5 4. d4 Nf6 5. Nc3 Nc6 6. Bd3 Bg4 7. Be3 e6 8. O-O
Bd6 9. h3 Bh5 10. Be2 O-O 11. Qd2 h6 12. Nh2 Bxe2 13. Nxe2 Ne4 14. Qd3 Nb4 15.
Qd1 Bxh2+ 16. Kxh2 Qc7+ 17. Bf4 Qxc2 18. f3 Qxd1 19. Raxd1 g5 20. fxe4 gxf4 21.
a3 Nc6 22. exd5 exd5 23. Nxf4 Rad8 24. Rfe1 Rd6 25. Kg3 Na5 26. Re7 Rb8 27. Rde1
Kf8 28. Rc7 Nc4 29. Ree7 Rf6 30. Nxd5 Rg6+ 31. Kh2 Nd6 32. Nf4 Rf6 33. Nd3 Re8
34. Rxe8+ Kxe8 35. Nc5 b6 36. Nb3 Nb5 37. Rb7 Rd6 38. a4 Nxd4 39. Nxd4 Rxd4 40.
Rxa7 Rb4 41. Rb7 Rxb2 42. a5 Rb5 43. a6 Ra5 44. a7 Kf8 45. Rb8+ {DenningerGuilh a abandonné} 1-0

[Event "Tournament 14475 - Europe Echecs"]
[Site "Europe Echecs"]
[Date "2020.07.12"]
[Round "7"]
[Time "17:15:33"]
[PlyCount "75"]
[White "LecciaAntoine"]
[Black "ProfiliEmilio"]
[WhiteElo "1950"]
[BlackElo "2053"]
[Mode "WEB"]
[Result "0-1"]

1. d4 Nf6 2. Nf3 g6 3. Nbd2 d5 4. e3 Bg7 5. b4 O-O 6. Bd3 Nbd7 7. O-O b6 8. b5
a6 9. Bb2 axb5 10. Bxb5 Bb7 11. a4 Re8 12. Qe2 Ne4 13. Bd3 c5 14. c4 Nxd2 15.
Nxd2 cxd4 16. Bxd4 Bxd4 17. exd4 dxc4 18. Bxc4 Nf6 19. Nb3 Nd5 20. Qb2 Qd6 21.
a5 Nf4 22. f3 bxa5 23. Nxa5 Bd5 24. Bxd5 Qxd5 25. Nb3 Rab8 26. Qd2 Ne6 27. Na5
Rb5 28. Ra4 Ra8 29. Rfa1 Rab8 30. h3 Rb2 31. Qd3 Rxg2+ 32. Kf1 Rbb2 33. Qe4
Rbf2+ 34. Ke1 Re2+ 35. Qxe2 Rxe2+ 36. Kxe2 Nxd4+ 37. Ke3 Nc2+ {LecciaAntoine a abandonné} 0-1

[Event "Tournament 14475 - Europe Echecs"]
[Site "Europe Echecs"]
[Date "2020.07.12"]
[Round "7"]
[Time "17:15:33"]
[PlyCount "62"]
[White "HingouetMatthi"]
[Black "LecciaThomas"]
[WhiteElo "2228"]
[BlackElo "1893"]
[Mode "WEB"]
[Result "1-0"]

1. d4 d5 2. c4 c6 3. cxd5 cxd5 4. Bg5 Nc6 5. Nc3 Nf6 6. Bxf6 gxf6 7. e3 Bf5 8.
Qb3 Qc7 9. Nxd5 Qd7 10. Nc3 O-O-O 11. Nf3 e6 12. Rc1 Kb8 13. Be2 Bh6 14. O-O
Rhg8 15. Rfd1 Bh3 16. Bf1 Bg4 17. Kh1 Bxf3 18. gxf3 e5 19. d5 Ne7 20. d6 Qf5 21.
Be2 Qh3 22. Rg1 Nf5 23. Ne4 Nh4 24. Ng3 Rxd6 25. Qxf7 Rc8 26. Rxc8+ Kxc8 27.
Rc1+ Rc6 28. Rxc6+ bxc6 29. Ba6+ Kd8 30. Qxf6+ Kc7 31. Bf1 {LecciaThomas a abandonné} 1-0

[Event "Tournament 14475 - Europe Echecs"]
[Site "Europe Echecs"]
[Date "2020.07.12"]
[Round "7"]
[Time "17:15:33"]
[PlyCount "80"]
[White "courjalpauline"]
[Black "GrancherEtienn"]
[WhiteElo "1848"]
[BlackElo "1987"]
[Mode "WEB"]
[Result "1-0"]

1. e4 c5 2. Nc3 e6 3. g3 Nc6 4. Bg2 Nf6 5. d3 Be7 6. f4 d5 7. e5 Nd7 8. Nf3 O-O
9. O-O Rb8 10. Ne2 Qc7 11. Be3 b6 12. d4 Ba6 13. c3 b5 14. a3 Rfc8 15. g4 Na5
16. dxc5 Bxc5 17. Bxc5 Qxc5+ 18. Nfd4 Nc4 19. Qc1 Rc7 20. f5 Ndxe5 21. fxe6 fxe6
22. Kh1 Qd6 23. b3 Na5 24. Qg5 Re8 25. Nf4 Bc8 26. Nh5 Kh8 27. Nxb5 Qb6 28. Nxc7
Qxc7 29. Rae1 Nac6 30. Re3 Qd7 31. Rxe5 h6 32. Qe3 Qd6 33. Nf4 Kg8 34. Re1 Nxe5
35. Qxe5 Qc5 36. Qe3 Qxa3 37. Nxd5 Qd6 38. Nf4 Bd7 39. Nh5 Qc7 40. Qe5 {GrancherEtienn a perdu au temps} 1-0

[Event "Tournament 14475 - Europe Echecs"]
[Site "Europe Echecs"]
[Date "2020.07.12"]
[Round "7"]
[Time "17:15:33"]
[PlyCount "54"]
[White "TritonMaxime"]
[Black "BaudouinSimon"]
[WhiteElo "1843"]
[BlackElo "1926"]
[Mode "WEB"]
[Result "0-1"]

1. e4 c5 2. Nf3 d6 3. d4 cxd4 4. Nxd4 Nf6 5. Nc3 a6 6. Bc4 e6 7. O-O b5 8. Bb3
Be7 9. f4 O-O 10. Be3 b4 11. e5 bxc3 12. exf6 Bxf6 13. bxc3 Qc7 14. Qd2 Nd7 15.
Rad1 d5 16. Ne2 Nc5 17. Bd4 Ne4 18. Qe3 Bd7 19. Ng3 Nxc3 20. Bxf6 Nxd1 21. Qd4
gxf6 22. Qxd1 Qc5+ 23. Kh1 d4 24. f5 Kh8 25. Qh5 Qe7 26. Rf4 Rg8 27. h3 {TritonMaxime a abandonné} 0-1

[Event "Tournament 14475 - Europe Echecs"]
[Site "Europe Echecs"]
[Date "2020.07.12"]
[Round "7"]
[Time "17:15:33"]
[PlyCount "48"]
[White "LarmetNino"]
[Black "NoirMathys"]
[WhiteElo "1818"]
[BlackElo "1897"]
[Mode "WEB"]
[Result "1-0"]

1. e4 e6 2. Nc3 d5 3. g3 Nf6 4. e5 Nfd7 5. f4 c5 6. Bg2 Nc6 7. Nf3 b6 8. O-O Bb7
9. d4 Qc7 10. Be3 a6 11. Ne2 f6 12. c3 c4 13. g4 O-O-O 14. b3 g5 15. f5 fxe5 16.
fxe6 Nf6 17. Bxg5 Be7 18. Nxe5 Nxe5 19. dxe5 Qxe5 20. Rf5 Qxe6 21. Nd4 Qd6 22.
bxc4 dxc4 23. Bxb7+ Kxb7 24. Qf3+ {NoirMathys a abandonné} 1-0